00579 a2200217 4500260001000000630011500010650003100125100002100156260001000177245005000187300001100237650001200248650001100260260000900271300001000280100000700290037001000297037000900307250003400316044001100350 aParis a91 - Geographie. Exploration de la terre, des diverses regions, des divers pays. Voyages. Geographie regionale a9 - GEOGRAPHIE ET HISTOIRE aGamblin, André bSEDES aL'Energie en France : étude de géographie a171 p. aEnergie aFrance c1968 b24 cm lFr a15038 a6945 a3e éd. rev et mise à jour cFrance